000 01543nam a2200385 c 4500
003 BLK
005 20250725133951.0
008 180411b bul|||||r ||||||| ||bul||
010 _aKNG00214929000
020 _a978-954-411-210-3
_bиздат.: Факел
040 _aBLK
041 _aBUL
_cBUL
072 7 _2bullib
_aН84
_xБългарска художествена литература Н
080 _aБългарска литература
_b821.163.2
_x-312.6
_z821.163.2-312.6
100 1 _aАнтонова, Неда Монова
_eпърви автор
_9369311
139 _aАнтонова, Неда Монова
_bА 75
245 1 0 _aСъвършената
_bПреподобна Стойна, неканоничната светица : Роман
_cНеда Монова Антонова.
250 _a2. доп. изд.
257 _aBGR
260 София
_bФакел
_c2017
300 _a276 с.
_c20 см
380 _aX
500 _a1. изд. 2014. - 500 тир.
600 0 _aСтойна, преподобна
_d1883 - 1933
_qДимитрова, Стойна
_9285159
650 4 _aПреподобна Стойна
_9285159
653 _aПреподобна Стойна
653 _aроманизувани биографии
659 _aН
852 _aЦб 288531
856 4 _qpdf
_u
856 4 _qpdf
_u
942 _cKNG
_n0
_029
944 _aCR
_c17.12.2017
_lМинев Младен
_k30530
944 _aED
_c29.12.2017
_lф /
_kЛюдмила_Стоянова
999 _c205324
_d205324